Mens NCAA March Madness Bracket 2024 - Elite 8 - Statistics

General Stats
  • This quiz has been taken 85 times
  • The average score is 7 of 8
Answer Stats
Hint Answer % Correct
1 UConn
100%
1 Purdue
96%
11 NC State
93%
4 Alabama
88%
2 Tennessee
76%
6 Clemson
74%
4 Duke
73%
3 Illinois
65%
No matching quizzes found
Score Distribution
Percent of People with Each Score
Percentile by Number Answered
Your Score History
You have not taken this quiz